000 00531nam a22001577a 4500
003 macl
005 20201110153728.0
008 201110b xxu||||| |||| 00| 0 eng d
040 _cmacl
082 _a900
100 _aशर्मा ,रामविलास
_980519
245 _aभारतीय सस्‍कृति औा हिन्‍दी -प्रदेश
260 _aदिल्‍ली
_bकिताबघर प्रकाशन
_c2016
650 _aइतिहास
_980520
942 _2ddc
_cHIN
999 _c63862
_d63862